000 00400nam a2200133Ia 4500
008 220217s9999||||xx |||||||||||||| ||und||
020 _a81-7722-152-3
082 _a005.13 COR
100 _aCornell, Gari Morrision, Jonathan
_92787
245 0 _aProgramming VB. NET: A guide for experienced programmers
260 _aApress
_bNew Delhi
_c2003
300 _b299
650 _aPROGRAMMING LANGUAGE
999 _c170015
_d170015